Essentials of cell and molecular biology / (Record no. 12126)

000 -LEADER
fixed length control field 00481cam a2200169 a 4500
020 ## - INTERNATIONAL STANDARD BOOK NUMBER
ISBN 0030577136
040 ## - CATALOGING SOURCE
Transcribing agency DLC
082 00 - DEWEY DECIMAL CLASSIFICATION NUMBER
Classification number 574 SAU 1981 A032 Or.
100 1# - MAIN ENTRY--AUTHOR NAME
Personal name De Robertis, Eduardo D. P.,
245 10 - TITLE STATEMENT
Title Essentials of cell and molecular biology /
260 ## - PUBLICATION, DISTRIBUTION, ETC. (IMPRINT)
Place of publication Philadelphia :
Name of publisher Saunders College Pub.,
Year of publication c1981.
300 ## - PHYSICAL DESCRIPTION
Number of Pages xi, 395 p. :
Other physical details ill. (some col.) ;
Dimensions 25 cm.
650 #0 - SUBJECT ADDED ENTRY--TOPICAL TERM
Topical Term Cytology.
650 #0 - SUBJECT ADDED ENTRY--TOPICAL TERM
Topical Term Molecular biology.
700 1# - ADDED ENTRY--PERSONAL NAME
Personal name De Robertis, E. M. F.
942 ## - ADDED ENTRY ELEMENTS (KOHA)
Koha item type សៀវភៅភាសាអង់គ្លេស
952 ## - LOCATION AND ITEM INFORMATION (KOHA)
Withdrawn status [LOCAL, KOHA] 0
Holdings
Permanent Location Date acquired Koha item type Lost status Shelving location Barcode Current Location Full call number
Library Block A2017-08-10សៀវភៅភាសាអង់គ្លេស A032A21098Library Block A574 SAU 1981 A032 Or.
មជ្ឈមណ្ឌលឯការនៃសាកលវិទ្យាល័យភូមិន្ទកសិកម្មចំការដូង

Powered by Koha